Ultimate family visual dictionary (Record no. 179775)

MARC details
000 -LEADER
fixed length control field 00595nam a22002057a 4500
005 - DATE AND TIME OF LATEST TRANSACTION
control field 20250729114703.0
010 ## - LCCN (DPL NO)
LC control number B-740593 ENG-146234
020 ## - INTERNATIONAL STANDARD BOOK NUMBER
International Standard Book Number 9780143419549
Terms of availability 1999.00
035 ## - SYSTEM CONTROL NUMBER
System control number B-740593
035 ## - SYSTEM CONTROL NUMBER
System control number EN-129766
037 ## - SOURCE OF ACQUISITION
Source of stock number/acquisition Gift
037 ## - SOURCE OF ACQUISITION
Source of stock number/acquisition DBAD
082 ## - DEWEY DECIMAL CLASSIFICATION NUMBER
Classification number 503
245 ## - TITLE STATEMENT
Title Ultimate family visual dictionary
260 ## - PUBLICATION, DISTRIBUTION, ETC. (IMPRINT)
Name of publisher, distributor, etc Dorling Kindersley Book
Date of publication, distribution, etc 2013
Place of publication, distribution, etc London
270 ## - ADDRESS
Address 80 Strand
City London
300 ## - PHYSICAL DESCRIPTION
Extent 672p.:
Dimensions 24cm(Hb)
Other physical details ill.
942 ## - ADDED ENTRY ELEMENTS (KOHA)
Source of classification or shelving scheme Dewey Decimal Classification
Item type Reference Books
Call number suffix ULT
Classification part 503
Holdings
Withdrawn status Lost status Not for loan Collection code Home library Current library Date acquired Source of acquisition Cost, normal purchase price Full call number Barcode Copy number Cost, replacement price Koha item type Public note
    Not For Loan Non-fiction Central Library Central Library 08/07/2021 Gift/Eng/07-07-2021 1999.00 503 ULT B-740593 1 1999.00 Reference Books Gift
      Non-fiction Mobile Library Mobile Library 29/07/2025 Delivery of Books Act Division 1999.00 ULT 503 EN-129766 1 1999.00 Reference Books  

© Delhi Public Library
Hit Counter
free hit counter